Investment analysis & portfolio management

محفوظ في:
التفاصيل البيبلوغرافية
المؤلف الرئيسي: Reilly, Frank K
التنسيق: Sách
اللغة:Undetermined
منشور في: Cengage 2019
الموضوعات:
الوسوم: إضافة وسم
لا توجد وسوم, كن أول من يضع وسما على هذه التسجيلة!
Thư viện lưu trữ: Trung tâm Thư viện - Trường Đại học Công nghiệp TP. Hồ Chí Minh
LEADER 00487nam a2200157Ia 4500
001 UIH_00097
008 230809s9999 xx 000 0 und d
082 |a 332.60973 
100 |a Reilly, Frank K 
245 0 |a Investment analysis & portfolio management 
245 0 |c Reilly, Frank K 
260 |b Cengage 
260 |c 2019 
650 |a Portfolio management;Investment analysis; 
927 |a Sách 
980 |a Trung tâm Thư viện - Trường Đại học Công nghiệp TP. Hồ Chí Minh